<?xml version="1.0" encoding="UTF-8"?><?xml-stylesheet type="text/xsl" href="static/style.xsl"?><OAI-PMH xmlns="http://www.openarchives.org/OAI/2.0/" xmlns:xsi="http://www.w3.org/2001/XMLSchema-instance" xsi:schemaLocation="http://www.openarchives.org/OAI/2.0/ http://www.openarchives.org/OAI/2.0/OAI-PMH.xsd"><responseDate>2026-04-14T06:24:03Z</responseDate><request verb="GetRecord" identifier="oai:www.recercat.cat:10459.1/72597" metadataPrefix="marc">https://recercat.cat/oai/request</request><GetRecord><record><header><identifier>oai:recercat.cat:10459.1/72597</identifier><datestamp>2024-12-05T22:26:33Z</datestamp><setSpec>com_2072_3622</setSpec><setSpec>col_2072_479130</setSpec></header><metadata><record xmlns="http://www.loc.gov/MARC21/slim" xmlns:dcterms="http://purl.org/dc/terms/" xmlns:xsi="http://www.w3.org/2001/XMLSchema-instance" xmlns:doc="http://www.lyncode.com/xoai" xsi:schemaLocation="http://www.loc.gov/MARC21/slim http://www.loc.gov/standards/marcxml/schema/MARC21slim.xsd">
   <leader>00925njm 22002777a 4500</leader>
   <datafield ind2=" " ind1=" " tag="042">
      <subfield code="a">dc</subfield>
   </datafield>
   <datafield ind2=" " ind1=" " tag="720">
      <subfield code="a">Urrea Monclús, Aida</subfield>
      <subfield code="e">author</subfield>
   </datafield>
   <datafield ind2=" " ind1=" " tag="720">
      <subfield code="a">Rodríguez Pérez, Sara</subfield>
      <subfield code="e">author</subfield>
   </datafield>
   <datafield ind2=" " ind1=" " tag="720">
      <subfield code="a">Sala Roca, Josefina</subfield>
      <subfield code="e">author</subfield>
   </datafield>
   <datafield ind2=" " ind1=" " tag="720">
      <subfield code="a">Zárate Alva, Nair Elizabeth</subfield>
      <subfield code="e">author</subfield>
   </datafield>
   <datafield ind2=" " ind1=" " tag="260">
      <subfield code="c">2021-12-20T09:50:17Z</subfield>
   </datafield>
   <datafield ind2=" " ind1=" " tag="260">
      <subfield code="c">2021-12-20T09:50:17Z</subfield>
   </datafield>
   <datafield ind2=" " ind1=" " tag="260">
      <subfield code="c">2021</subfield>
   </datafield>
   <datafield ind2=" " ind1=" " tag="520">
      <subfield code="a">Socio-emotional competences are fundamentally important for the psychological, social and academic development of young people, and especially those in highly vulnerable contexts. It is essential that Social Pedagogy socio-educational interventions with these young people take these competences into consideration. However, there are no copyleft diagnostical instruments in this area. In this study, we present a validation of the criteria employed in the situational test for Socio-emotional Competence Development among Young People (DCSE-J), a copyleft instrument designed for 12- to 18-year-old boys and girls and adapted for use with both young people who live with their families and in care centres. A total of 409 secondary school students were asked to take the test and identify peers whose behaviour showed signs of these competences. The results showed that those students nominated most often by their peers also scored highest in the test. It was also observed that girls were nominated more often and had higher test scores. In addition, the results showed the multidimensional nature of the test items and the multilevel interrelationship of the competences, meaning that the mastery of more complex competences requires the mastery of more basic ones. The results demonstrated the criterion validity of the test and that the DCSE-J test is a valid psycho-educational evaluation instrument for measuring socio-emotional competences among young people. This, in turn, allows for specific pedagogical intervention that addresses the specific socio-emotional competences of the group.</subfield>
   </datafield>
   <datafield ind2=" " ind1=" " tag="520">
      <subfield code="a">Las competencias socioemocionales son fundamentales para el desarrollo psicológico,&#xd;
social y académico de los jóvenes, y son claves para aquellos jóvenes que se encuentran&#xd;
en contextos de alta vulnerabilidad. Por ello, es importante que las intervenciones&#xd;
socioeducativas que se realizan desde la Pedagogía Social con estos jóvenes las tengan en&#xd;
consideración, sin embargo, no existen instrumentos diagnósticos copy-left en esta área. En&#xd;
este estudio se presenta la validación criterial del test situacional Desarrollo de Competencias&#xd;
Socioemocionales de Jóvenes (DCSE-J), un instrumento copy-left para chicos y chicas&#xd;
de 12 a 18 años adaptado para que pueda ser respondido independientemente de que estos&#xd;
vivan con sus familias o en centros de protección. Se solicitó a 409 alumnos de educación&#xd;
secundaria que contestaran al test e identificaran a los compañeros que realizaban conductas&#xd;
indicadoras de competencia. Los resultados corroboraron que los alumnos que fueron más&#xd;
nominados por los compañeros también puntuaron más en el test. Asimismo, se observó que&#xd;
las chicas fueron más nominadas y obtuvieron puntuaciones más altas en el test. Los resultados&#xd;
también señalaron la naturaleza multidimensional de los ítems del test y la interrelación&#xd;
multinivel de las competencias de forma que el dominio de las competencias más complejas&#xd;
requiere del dominio de otras más básicas. Los resultados demuestran la validez criterial del&#xd;
Test y apuntan que el Test DCSE-J es un instrumento de evaluación psicoeducativo válido&#xd;
para medir las competencias socioemocionales de los jóvenes que, a su vez, permite una&#xd;
intervención pedagógica específica para trabajar las competencias socioemocionales concretas&#xd;
del grupo.</subfield>
   </datafield>
   <datafield ind2=" " ind1=" " tag="520">
      <subfield code="a">Project supported by the Spanish Ministry for Economy and Competitiveness and co-funded by FEDER (EDU2016-77284-R).</subfield>
   </datafield>
   <datafield ind1="8" ind2=" " tag="024">
      <subfield code="a">http://hdl.handle.net/10459.1/72597</subfield>
   </datafield>
   <datafield tag="653" ind2=" " ind1=" ">
      <subfield code="a">Situational test</subfield>
   </datafield>
   <datafield tag="653" ind2=" " ind1=" ">
      <subfield code="a">Socio-emotional competences</subfield>
   </datafield>
   <datafield tag="653" ind2=" " ind1=" ">
      <subfield code="a">Young people</subfield>
   </datafield>
   <datafield tag="653" ind2=" " ind1=" ">
      <subfield code="a">Criterion validity</subfield>
   </datafield>
   <datafield tag="653" ind2=" " ind1=" ">
      <subfield code="a">Psychoeducational instrument</subfield>
   </datafield>
   <datafield ind2="0" ind1="0" tag="245">
      <subfield code="a">Psychoeducational instruments for socio-pedagogical intervention: validation of criteria employed in the situational test for socio-emotional competence development among young people (DCSE-J)</subfield>
   </datafield>
   <datafield ind2="0" ind1="0" tag="245">
      <subfield code="a">Instrumentos psicoeducativos para la intervención en pedagogía social: validación criterial del test situacional desarrollo de competencias socioemocionales de jóvenes (DCSE-J)</subfield>
   </datafield>
</record></metadata></record></GetRecord></OAI-PMH>